000
00219nam a22000857a 4500
008
170203b xxu||||| |||| 00| 0 eng d
100
_9
2750
_a
Modi.K.etal.
245
_a
Life- A Celebration-5
260
_a
New delhi
_b
Rachna
_c
2009
999
_c
5937
_d
5937